000 00830nam a22002657a 4500
001 BR6400274
003 BR-BrBNA
005 20230928083419.0
007 ta
008 230509b bl.||||| |||| 00| 0 por d
040 _aBR-BrBNA
_bpor
_cBiblioteca Nacional de Agricultura
041 _a(Por)
072 _aE70
_b9910
_b2120
_b/G430
_b/G514
090 _ 9910 BR6400274
100 1 _aAvelar, J. de S.
110 1 _aInstituto Brasileiro do Cafe, Rio de Janeiro, GB
_95857
245 1 _aSo aprovacao dos EUA valida Convenio do Cafe cuja defesa sera o certificado de origem [exportacao]
_bEntrevista concedida pelo Sr. Julio Avelar
260 3 _aRio de Janeiro, GB (Brasil):
_c1964.
300 _a5 p.
650 _aCAFE
650 _aMERCADO
650 _aEXPORTACAO
909 _a202309
_bLucia
_c55
_dLucia Elande
942 _cBK
999 _c13339
_d13339